000 00276nam a22001337a 4500
008 170201b xxu||||| |||| 00| 0 eng d
020 _a002-031091
041 _aeng
080 _a61
100 _a3
101 _ashm
245 _aNATURAL HEALTH
_cLANGER, S
942 _2udc
_cBK
999 _c4234
_d4234